| 000 | 00828nam a22002177a 4500 | ||
|---|---|---|---|
| 999 |
_c6047 _d6047 |
||
| 005 | 20260129135722.0 | ||
| 008 | 260129b ||||| |||| 00| 0 eng d | ||
| 020 | _a9781529515817 | ||
| 040 | _cKH8 | ||
| 082 | _a823.82 | ||
| 100 |
_aSTOWELL,LOUIE _eAUTHOR |
||
| 245 |
_aLOKI _bA BAD GOD;S GUIDE TO CAUSING CHAOS |
||
| 260 |
_a87 Vauxhall Walk,London SE11 5HJ _bWalker Books Ltd _c2025 |
||
| 300 |
_a267 pages _bb illustration _c13 cm x 20 cm |
||
| 520 | _aVinir, the luscious-locked elven menace is staying in Midgard. To preserve the peace and prevent him from trying to murder Loki (again), Odin sends the goddess Freyja to keep an eye on things. Soon, strange things start to happen. -Library Thing- | ||
| 650 | _aJuvenile Fiction | ||
| 655 | _aFantasy | ||
| 655 | _aMythical | ||
| 655 | _aLegend | ||
| 942 |
_2ddc _cFIC |
||